000 00366nam a2200145Ia 4500
008 230917s9999||||xx |||||||||||||| ||und||
040 _e106007
_aMAIN
041 _aEnglish
082 _a954.5 G869S
100 _aGrewal, J S
245 4 _aThe sikhs of the punjab
260 _aCambridge
_bCambridge University Press
_c2002
300 _axxv,276p p.
942 _cBK
999 _c110295
_d110295